| 000 | 00367nam a22001217a 4500 | ||
|---|---|---|---|
| 082 | _a220 PRO | ||
| 100 |
_aALI,ARMGHAN,SADAF,WARDA,KAMRAN AZIZ _971565 |
||
| 245 | _aPR-SOF-1334-ELECTRIC WHEEL CHAIR CONTROLLED BY EYE GAZE AND BLINKING | ||
| 260 |
_aISLAMABAD _bNUST COLLEGE OF EME _c2014 |
||
| 650 |
_a DE-ELECT-32 _971566 |
||
| 700 |
_aDR SHAHZAD _971567 |
||
| 942 | _cCR | ||
| 999 |
_c578015 _d578015 |
||